New Zealand Rugby All Blacks - Most Capped Father/Son - Statistics

General Stats
  • This quiz has been taken 174 times
    23 since last reset
  • The average score is 2 of 7
Answer Stats
Combined Appearances Father/Son % Correct
25 Eroni and Caleb Clarke
72%
76 Frank and Anton Oliver
44%
21 Todd and Ethan Blackadder
39%
95 Brian and Sean Fitzpatrick
33%
35 Graham and Murray Mexted
17%
37 Ray and Andy Dalton
6%
27 Warwick and Tom Taylor
6%
No matching quizzes found
Score Distribution
Percent of People with Each Score
Percentile by Number Answered
Your Score History
You have not taken this quiz since the last reset